<?xml version="1.0" encoding="UTF-8"?>
<marc:record xmlns:marc="http://www.loc.gov/MARC21/slim">
   <marc:leader>00000nam a2200000 a 4500</marc:leader>
   <marc:datafield ind1="1" ind2=" " tag="100">
      <marc:subfield code="a">Chainani, Soman</marc:subfield>
      <marc:subfield code="4">aut</marc:subfield>
      <marc:subfield code="e">Verfasser/-in</marc:subfield>
   </marc:datafield>
   <marc:datafield ind1="0" ind2="0" tag="245">
      <marc:subfield code="a">The School for Good and Evil, Band 6: Ende gut, alles gut?</marc:subfield>
   </marc:datafield>
   <marc:datafield ind1=" " ind2="1" tag="264">
      <marc:subfield code="b">Ravensburger Verlag GmbH</marc:subfield>
      <marc:subfield code="c">2021</marc:subfield>
   </marc:datafield>
   <marc:datafield ind1="1" ind2=" " tag="490">
      <marc:subfield code="a">HC - The School for Good and Evil</marc:subfield>
   </marc:datafield>
   <marc:datafield ind1="1" ind2=" " tag="520">
      <marc:subfield code="a">Angaben aus der Verlagsmeldung        The School for Good and Evil, Band 6: Ende gut, alles gut? The School for Good and Evil 6 / von Soman Chainani     Es kann nur einen wahren König geben! Doch das Böse hat immer noch die Oberhand  und Sophie befindet sich erneut in seiner Gewalt. Agatha und ihre Freunde an der Schule für Gut und Böse setzen alles daran, Tedros wieder auf den Thron zu verhelfen. So wollen sie nicht nur Sophie, sondern auch die beiden Lager Gut und Böse vor dem Untergang bewahren. Der Kampf um die Krone beginnt. Nur einer kann gewinnen</marc:subfield>
   </marc:datafield>
   <marc:datafield ind1=" " ind2=" " tag="020">
      <marc:subfield code="a">9783473402007</marc:subfield>
      <marc:subfield code="9">9783473402007</marc:subfield>
   </marc:datafield>
</marc:record>
